|
|
|
|
| LEADER |
00000nbm0a2200000 4500 |
| 001 |
138322 |
| 005 |
20231031141417.0 |
| 035 |
|
|
|a (RuTPU)RU\TPU\book\149883
|
| 090 |
|
|
|a 138322
|
| 100 |
|
|
|a 20080523d1968 k y0rusy50 ca
|
| 101 |
0 |
|
|a rus
|
| 102 |
|
|
|a RU
|
| 105 |
|
|
|a a m 001zy
|
| 200 |
1 |
|
|a Разработка и исследование автоматизированной аппаратуры для измерения фазовой неоднородности магнитного поля бетатронов
|e Диссертация на соискание ученой степени кандидата технических наук
|f С. Ф. Василевский
|g Томский политехнический институт (ТПИ) ; Л. М. Ананьев
|
| 210 |
|
|
|a Томск
|d 1968
|
| 215 |
|
|
|a 149 л.
|c ил.
|
| 320 |
|
|
|a Библиогр.: с. 141 - 147 ( 106 назв.)
|
| 610 |
1 |
|
|a бетатроны
|
| 610 |
1 |
|
|a магнитное поле
|
| 610 |
1 |
|
|a аппаратура
|
| 610 |
1 |
|
|a электромагниты
|
| 610 |
1 |
|
|a датчики
|
| 610 |
1 |
|
|a постоянный ток
|
| 610 |
1 |
|
|a измерительные схемы
|
| 610 |
1 |
|
|a фазовые изменения
|
| 610 |
1 |
|
|a усилители
|
| 610 |
1 |
|
|a накопители энергии
|
| 610 |
1 |
|
|a экспериментальное исследование
|
| 610 |
1 |
|
|a диссертации
|
| 675 |
|
|
|a 539.1.076.613(04)
|v 3
|
| 700 |
|
1 |
|a Василевский
|b С. Ф.
|
| 702 |
|
1 |
|a Ананьев
|b Л. М.
|c специалист в области электроники
|c доктор технических наук, профессор Томского политехнического университета
|f 1926-1998
|g Лев Мартемьянович
|2 stltpush
|3 (RuTPU)RU\TPU\pers\11866
|4 727
|
| 712 |
0 |
2 |
|a Томский политехнический институт (ТПИ)
|c (1944-1991)
|2 stltpush
|3 (RuTPU)RU\TPU\col\1123
|
| 801 |
|
1 |
|a RU
|b 63413507
|c 20080523
|g PSBO
|
| 801 |
|
2 |
|a RU
|b 63413507
|c 20220215
|g RCR
|
| 942 |
|
|
|c BK
|